ՀՀ Գիտությունների ազգային ակադեմիայի հիմնարար գիտական գրադարան  =   Fundamental Scientific Library of NAS RA
Normal view MARC view

Entry Personal Name

Number of records used in: 2

001 - CONTROL NUMBER

  • control field: 9389

003 - CONTROL NUMBER IDENTIFIER

  • control field: AM-YEHGA

005 - DATE AND TIME OF LATEST TRANSACTION

  • control field: 20250618063811.0

008 - FIXED-LENGTH DATA ELEMENTS

  • fixed length control field: 050524 a|ac|n|aab||||||||||||a |n|||||||

040 ## - CATALOGING SOURCE

  • Original cataloging agency: AM-YEHGA

100 1# - HEADING--PERSONAL NAME

  • Personal name: Ղազարյան, Անդրանիկ Բորիսի,
  • Dates associated with a name: 1954-2001

400 1# - SEE FROM TRACING--PERSONAL NAME

  • Personal name: Ղազարյան, Ա.Բ.
  • Fuller form of name: (Անդրանիկ Բորիսի),
  • Dates associated with a name: 1954-2001

400 1# - SEE FROM TRACING--PERSONAL NAME

  • Personal name: Казарян, Андраник Борисович,
  • Dates associated with a name: 1954-2001

400 1# - SEE FROM TRACING--PERSONAL NAME

  • Personal name: Казарян, А.Б.
  • Fuller form of name: (Андраник Борисович),
  • Dates associated with a name: 1954-2001

400 1# - SEE FROM TRACING--PERSONAL NAME

  • Personal name: Khazaryan, Andranik Borisi,
  • Dates associated with a name: 1954-2001

670 ## - SOURCE DATA FOUND

  • Source citation: Հայաստանի հանրապետություն, 20 սեպտ. 2001 :
  • Information found: էջ 7 ([Մահախոսական] Ղազարյան Անդրանիկ Բորիսի (1954, Խարկով - 2001, Երևան), բժիշկ-թերապևտ։ Բժշկ. գիտ. դ-ր (1990), պրոֆ. (1995)։ ԵԲՀ ներքին հիվ. ամբիոնի վարիչ (2000)

670 ## - SOURCE DATA FOUND

  • Source citation: Клиника и нарушение ритма сердца, 1991 :
  • Information found: т.л. (Казарян Андраник Борисович)


ՀՀ ԳԱԱ հիմնարար գիտական գրադարան
ՀՀ,Երևան 0019
Մարշալ Բաղրամյան 24/6
հեռախոս:(374-10) 52-47-50
Հետադարձ կապ

All site content, except where otherwise noted, is licensed under a
Creative Commons License